[Event "BCF-chT4S 1819 (4NCL)"]
[Site "England"]
[Date "2019.01.12"]
[Round "3.82"]
[White "Williamson, Kevin J"]
[Black "Taylor, Alex B"]
[Result "1/2-1/2"]
[WhiteElo "1860"]
[BlackElo "1870"]
[PlyCount "94"]
[EventDate "2018.11.17"]
[EventType "team-swiss"]
[EventRounds "11"]
[EventCountry "ENG"]
[SourceTitle "EXT 2021"]
[Source "ChessBase"]
[SourceDate "2020.10.23"]
[SourceVersion "1"]
[SourceVersionDate "2020.10.23"]
[SourceQuality "1"]
[WhiteTeam "MK Phoenix II"]
[BlackTeam "Shropshire III"]
[WhiteTeamCountry "ENG"]
[BlackTeamCountry "ENG"]

1. d4 Nf6 2. Nc3 g6 3. e4 d6 4. Bc4 Bg7 5. Qe2 Nc6 6. e5 dxe5 7. dxe5 Nd4 8. Qd1 Bf5 9. Bd3 Nd5 10. f4 Bxd3 11. cxd3 0-0 12. Nf3 Nb4 13. Rb1 Nxf3+ 14. Qxf3 Qxd3 15. Qxb7 Nxa2 16. Qd5 Qxd5 17. Nxd5 e6 18. Ne7+ Kh8 19. Nc6 Nxc1 20. Rxc1 f6 21. Nd4 Rfe8 22. Nf3 fxe5 23. fxe5 Reb8 24. Rxc7 Rxb2 25. 0-0 Bh6 26. h4 Rab8 27. Kh2 R2b7 28. Rc6 Rb6 29. Rc7 R6b7 30. Rc6 Re8 31. Nd4 Bg7 32. Nf3 Kg8 33. Ra1 Rb5 34. Rxa7 Bxe5+ 35. Nxe5 Rxe5 36. Rcc7 Rh5 37. Kh3 g5 38. Rg7+ Kh8 39. Rxg5 Rxg5 40. hxg5 e5 41. Kg4 e4 42. Ra2 Kg7 43. Kf4 e3 44. Re2 Kg6 45. Rxe3 Rxe3 46. Kxe3 Kxg5 47. Kf3 Kf5 1/2-1/2